Essential oils for natural pet care : a veterinarian's desk reference for the top health concerns of cats, dogs & horses /

"Melissa Shelton DVM is an internationally recognized holistic veterinarian, whose passion has been researching and documenting the use of medical grade essential oils within her animal hospital. By using Young Living Essential Oils with her patients daily, Dr. Shelton is dispelling the typical...

Full description

Bibliographic Details
Main Author: Shelton, Melissa
Format: Book
Language:English
Published: Howard Lake, MN : Crow River Animal Hospital & Dental Clinic, [2011]
Subjects:

MARC

Tag First Indicator Second Indicator Subfields
LEADER 00000cam a2200000Ma 4500
001 in00004537726
005 20170830101331.0
008 120215s2011 mnua 000 0 eng d
020 |a 9781466243361 
020 |a 1466243368 
035 |a (OCoLC)ocn793688829 
035 |a (OCoLC)793688829 
040 |a UBY  |b eng  |c UBY  |d OCLCF  |d OCLCO  |d OCLCQ  |d TMV  |d UtOrBLW 
049 |a TMVM 
050 4 |a SF413  |b .S54 2011 
060 4 |a SF 745.5  |b S545e 2011 
100 1 |a Shelton, Melissa. 
245 1 0 |a Essential oils for natural pet care :  |b a veterinarian's desk reference for the top health concerns of cats, dogs & horses /  |c Melissa Shelton DVM holistic veterinarian. 
264 1 |a Howard Lake, MN :  |b Crow River Animal Hospital & Dental Clinic,  |c [2011] 
264 4 |c ©2011 
300 |a 139 pages :  |b color illustrations ;  |c 26 cm 
336 |a text  |b txt  |2 rdacontent 
337 |a unmediated  |b n  |2 rdamedia 
338 |a volume  |b nc  |2 rdacarrier 
500 |a Title from cover. 
520 |a "Melissa Shelton DVM is an internationally recognized holistic veterinarian, whose passion has been researching and documenting the use of medical grade essential oils within her animal hospital. By using Young Living Essential Oils with her patients daily, Dr. Shelton is dispelling the typical beliefs of essential oils being toxic to cats and other pets. This book presents Dr. Shelton's theories and experiences using essential oils as a veterinary modality. Within you will find natural and effective methods to care for your own horses, dogs, and cats. Some conditions covered within this book include colic, laminitis, strangles, and thrush in horses; arthritis, urinary incontinence, ear infections, and knee injuries in dogs; hairballs, upper respiratory infections, ear mites, and car rides in cats."--Back cover. 
650 0 |a Pets.  |0 http://id.loc.gov/authorities/subjects/sh85100482 
650 0 |a Dogs  |x Diseases  |x Treatment.  |0 http://id.loc.gov/authorities/subjects/sh2009123644 
650 0 |a Cats  |x Diseases  |x Treatment.  |0 http://id.loc.gov/authorities/subjects/sh2009118569 
650 0 |a Horses  |x Diseases  |x Treatment. 
650 0 |a Veterinary medicine.  |0 http://id.loc.gov/authorities/subjects/sh85143046 
650 0 |a Essences and essential oils.  |0 http://id.loc.gov/authorities/subjects/sh85044920 
650 2 |a Complementary Therapies  |x veterinary.  |0 https://id.nlm.nih.gov/mesh/D000529Q000662 
650 2 |a Animals, Domestic.  |0 https://id.nlm.nih.gov/mesh/D000829 
650 7 |a Cats  |x Diseases  |x Treatment.  |2 fast  |0 (OCoLC)fst00849396 
650 7 |a Dogs  |x Diseases  |x Treatment.  |2 fast  |0 (OCoLC)fst00896292 
650 7 |a Essences and essential oils.  |2 fast  |0 (OCoLC)fst00915449 
650 7 |a Horses  |x Diseases  |x Treatment.  |2 fast  |0 (OCoLC)fst00960632 
650 7 |a Pets.  |2 fast  |0 (OCoLC)fst01059908 
650 7 |a Veterinary medicine.  |2 fast  |0 (OCoLC)fst01165977 
999 |a MARS 
999 f f |s 2e38fb20-3cd7-39ab-9abe-360244bc5a82  |i a57b4354-a9bd-3a93-aa4d-9cdb236a29b0  |t 0 
952 f f |p preservation  |a Texas A&M University  |b J.J. Pickle Campus  |c High Density Repository  |d Remote Storage  |t 0  |e SF 745.5 S545e 2011  |h National Library of Medicine classification  |i unmediated -- volume  |m 3238902359449 
998 f f |a SF 745.5 S545e 2011  |t 0  |l Remote Storage